000 00847nam a2200253Ia 4500
003 OSt
005 20220926010401.0
006 a|||||r|||| 00| 0
007 ta
008 220923b |||||||| |||| 00| 0 eng d
020 _a9781118688267
_c1698.3900000000001
037 _b41533, 06/08/2014, Segment Book Distrobutors
_cGeneral Book
040 _aRTL
_cRTL
_beng
041 _2eng
_aeng
082 _aU673.1(X), Q3
100 _aWOLFORD Wendy
_9265898
245 0 _aGoverning global land deals
_b The role of the state in the rush for land
260 _a New Delhi
_bWiley Blackwell
_c2012
300 _aviii, 279p
_ccm.
500 _aBibliography: P 191-202
650 _aSociology
942 _hU673.1(X), Q3
_cGB
_2CC
999 _c617139
_d617139